000 00425nam a2200157Ia 4500
008 240729s9999 xx 000 0 und d
022 _a2215-0382
245 0 _aColloid and Interface Science Communications
260 _aNetherlands
260 _bElsevier
650 _a Chemical technology
650 _aTechnology
856 _uhttps://doaj.org/toc/e2063a49a0e74379bbc1c28b64e75f27
942 _2ddc
942 _cDOAJEJ
999 _c70765
_d70765
945 _a1
_bMadushi Gamage
_c1
_dMadushi Gamage